[Event "4. Open Hotel Avenida de Canarias 2010"]
[Site "Vecindario ESP"]
[Date "2010.07.25"]
[Round "9.35"]
[White "Perez Castellano, Susana"]
[Black "Galiana Canillas, Antonio"]
[Result "1-0"]
[WhiteElo "1794"]
[BlackElo "1659"]
[PlyCount "121"]
[EventDate "2010.07.18"]
[EventType "swiss"]
[EventRounds "9"]
[EventCountry "ESP"]
[Source "lmi"]
[SourceDate "2010.07.18"]

1. e4 c5 2. Nf3 Nc6 3. d4 cxd4 4. Nxd4 Qb6 5. Nb3 Nf6 6. Nc3 d6 7. Be2 g6 8.
O-O Bg7 9. Bg5 O-O 10. Bxf6 Bxf6 11. Nd5 Qd8 12. Nxf6+ exf6 13. Qd2 Qe7 14.
Rfe1 Ne5 15. Rad1 Rd8 16. Qb4 Nc6 17. Qc3 Qe5 18. Nd4 a6 19. Nxc6 Qxc3 20. Ne7+
Kf8 21. Nxg6+ fxg6 22. bxc3 Be6 23. c4 Rac8 24. Rd4 Rc5 25. Rb1 Rd7 26. Rb2 Ke7
27. Kf1 Rdc7 28. f3 Bxc4 29. Bxc4 Rxc4 30. Rxc4 Rxc4 31. Rxb7+ Ke6 32. Rb2 h5
33. Ke2 g5 34. Kd3 Ra4 35. c4 Ke5 36. Rd2 Ra3+ 37. Ke2 Ra5 38. Ke3 Ra3+ 39. Kf2
Rc3 40. Rd5+ Ke6 41. Ra5 Rxc4 42. Rxa6 Rc2+ 43. Kg3 h4+ 44. Kh3 Rf2 45. a4 f5
46. exf5+ Kxf5 47. Rxd6 Ke5 48. Rg6 Kf5 49. Rg8 Ra2 50. Ra8 Ra3 51. a5 Kg6 52.
a6 Kh5 53. g4+ hxg3 54. hxg3 Rxf3 55. a7 g4+ 56. Kg2 Kg6 57. Re8 Ra3 58. a8=Q
Rxa8 59. Rxa8 Kf5 60. Kf2 Kg5 61. Ke3 1-0

[Event "4. Open Hotel Avenida de Canarias 2010"]
[Site "Vecindario ESP"]
[Date "2010.07.25"]
[Round "9.38"]
[White "Buet, Samuel"]
[Black "Aleman Alamo, Nicolas"]
[Result "1-0"]
[WhiteElo "1858"]
[BlackElo "1681"]
[PlyCount "55"]
[EventDate "2010.07.18"]
[EventType "swiss"]
[EventRounds "9"]
[EventCountry "ESP"]
[Source "lmi"]
[SourceDate "2010.07.18"]

1. Nf3 Nf6 2. e3 e6 3. b3 Be7 4. Bb2 d5 5. Be2 O-O 6. d3 b6 7. Nbd2 Bb7 8. O-O
Nbd7 9. c4 h6 10. cxd5 Bxd5 11. Rc1 c5 12. Rc2 Rc8 13. Qa1 Bb7 14. Rfc1 Re8 15.
Ne1 Bf8 16. Bf3 Bxf3 17. Nexf3 Nd5 18. a3 N5f6 19. b4 Nd5 20. d4 Qe7 21. Nb3
cxb4 22. Rxc8 Rxc8 23. Rxc8 a5 24. a4 N7f6 25. Nfd2 Nc7 26. Qc1 Nfd5 27. e4 Qd7
28. Rxf8+ 1-0

[Event "4. Open Hotel Avenida de Canarias 2010"]
[Site "Vecindario ESP"]
[Date "2010.07.25"]
[Round "9.39"]
[White "Monzon Aleman, Ayoze"]
[Black "Padilla Socorro, Jesus"]
[Result "0-1"]
[WhiteElo "1750"]
[BlackElo "1814"]
[PlyCount "60"]
[EventDate "2010.07.18"]
[EventType "swiss"]
[EventRounds "9"]
[EventCountry "ESP"]
[Source "lmi"]
[SourceDate "2010.07.18"]

1. e4 e6 2. d4 d5 3. exd5 exd5 4. Nf3 Bd6 5. Nc3 Ne7 6. Be3 c6 7. Bd3 Bg4 8. h3
Bf5 9. Qd2 Bxd3 10. Qxd3 Nd7 11. a3 a5 12. O-O O-O 13. Ne2 Qc7 14. Nh4 Nf6 15.
Nc3 Rfe8 16. Rae1 Nh5 17. Qd1 Nf4 18. Qg4 Neg6 19. Bxf4 Bxf4 20. Nxg6 hxg6 21.
Ne2 Bd6 22. Nc3 Re7 23. Re2 Rxe2 24. Qxe2 Qb6 25. Qd3 Qxb2 26. Rb1 Qxa3 27. Rb3
Qc1+ 28. Nd1 Re8 29. Kf1 b5 30. Rc3 Bb4 0-1

[Event "4. Open Hotel Avenida de Canarias 2010"]
[Site "Vecindario ESP"]
[Date "2010.07.25"]
[Round "9.40"]
[White "Viera Falcon, Cristo"]
[Black "Quiza Vazquez, Carolina"]
[Result "1/2-1/2"]
[WhiteElo "1782"]
[BlackElo "1558"]
[PlyCount "95"]
[EventDate "2010.07.18"]
[EventType "swiss"]
[EventRounds "9"]
[EventCountry "ESP"]
[Source "lmi"]
[SourceDate "2010.07.18"]

1. d4 Nf6 2. c4 e6 3. Nf3 d5 4. e3 c6 5. Nc3 Bb4 6. Bd3 Bxc3+ 7. bxc3 O-O 8.
O-O b6 9. Qe2 Ba6 10. Rd1 Re8 11. Ne5 Qc7 12. Bd2 Nbd7 13. f4 c5 14. Be1 Rac8
15. Bh4 cxd4 16. Bxf6 Nxf6 17. cxd5 Bxd3 18. Rxd3 Nxd5 19. c4 f6 20. cxd5 fxe5
21. exd4 exd4 22. dxe6 Qxf4 23. Rf3 Rc1+ 24. Rxc1 Qxc1+ 25. Kf2 Qc6 26. e7 h6
27. Qe5 Qd7 28. Rd3 Rxe7 29. Qxd4 Qxd4+ 30. Rxd4 Kf7 31. Rd2 Rc7 32. Kg3 Rc3+
33. Kg4 Ra3 34. Rd7+ Kg6 35. Rd6+ Kh7 36. Rd2 b5 37. Rb2 a6 38. Kh4 Ra4+ 39.
Kh3 Rc4 40. Rd2 b4 41. Kg3 a5 42. h4 a4 43. Rb2 Rc3+ 44. Kg4 b3 45. axb3 axb3
46. Kf4 Rc2 47. Rxb3 Rxg2 48. Rb5 1/2-1/2

[Event "4. Open Hotel Avenida de Canarias 2010"]
[Site "Vecindario ESP"]
[Date "2010.07.25"]
[Round "9.41"]
[White "Rivas Crespo, Alejandro"]
[Black "Biscarri Candalia, Oscar"]
[Result "1-0"]
[WhiteElo "1755"]
[BlackElo "1527"]
[PlyCount "55"]
[EventDate "2010.07.18"]
[EventType "swiss"]
[EventRounds "9"]
[EventCountry "ESP"]
[Source "lmi"]
[SourceDate "2010.07.18"]

1. e4 c5 2. Nf3 d6 3. d4 cxd4 4. Nxd4 Nf6 5. Nc3 g6 6. Be2 Bg7 7. Be3 O-O 8.
O-O Nc6 9. Kh1 a6 10. f4 e6 11. Bf3 Qa5 12. a3 Rd8 13. b4 Qc7 14. b5 Nxd4 15.
Bxd4 e5 16. b6 Qe7 17. Be3 d5 18. fxe5 Nxe4 19. Bd4 Bxe5 20. Bxe5 Qxe5 21. Nxe4
dxe4 22. Qxd8+ Kg7 23. Be2 Qc5 24. Qf6+ Kh6 25. Qf4+ Qg5 26. Qxg5+ Kxg5 27.
Rxf7 h5 28. Rf8 1-0